Sobre vivir
-д хадгалсан:
| Үндсэн зохиолч: | |
|---|---|
| Формат: | Ном |
| Хэл сонгох: | испани |
| Хэвлэсэн: |
Barcelona
Ariel
2000
|
| Хэвлэл: | 2a. ed |
| Цуврал: | Ariel
|
| Нөхцлүүд: | |
| Шошгууд: |
Шошго нэмэх
Шошго байхгүй, Энэхүү баримтыг шошголох эхний хүн болох!
|
MARC
| LEADER | 00000nam a2200000 a 4500 | ||
|---|---|---|---|
| 001 | UCL1361 | ||
| 003 | CL-VaPUC | ||
| 008 | 030905e20000000SP |||||||||||||||||spa|d | ||
| 020 | |a 8434411199 | ||
| 082 | 0 | 4 | |a 196.1 |b SAV |2 21 |
| 100 | 0 | |a Savater, Fernando |e author |9 478328 | |
| 245 | 1 | 0 | |a Sobre vivir |
| 250 | |a 2a. ed | ||
| 300 | |a 334 p | ||
| 942 | |c BK | ||
| 945 | |d 20030905 00:00:00 |a cmena | ||
| 260 | |a Barcelona |b Ariel |c 2000 | ||
| 650 | 0 | |a Filosofía española |9 254895 | |
| 650 | 0 | |a Ética |9 255099 | |
| 650 | 0 | |a Ensayos filosóficos |9 318909 | |
| 583 | |a last modification |c 20030905 00:00:00 |k Rodrigo Vera | ||
| 490 | 0 | |a Ariel | |
| 999 | |c 304996 |d 304994 | ||
| 952 | |0 0 |1 0 |4 0 |6 196_100000000000000_SAV_2000 |7 0 |8 A |9 367895 |a BIBEDU |b BIBEDU |d 2019-11-21 |i 3935140 |o 196.1 SAV 2000 |p 3935140 |r 2019-11-21 |w 2019-11-21 |y BK |k FIL | ||